FC Barcelona vs Paris Saint-Germain 6-1 Starting XI + Substitutes - Statistics

General Stats
  • This quiz has been taken 151 times
  • The average score is 19 of 30
Answer Stats
Position FotMob Rating Player % Correct
LW 9.6, 2 goals, 1 assist Neymar
99%
RCM 8.1, 1 goal Lionel Messi
98%
ST 8.1, 1 goal Luis Suárez
98%
GK 6.1 Marc-Andre ter Stegen
96%
CB 7.1 Gerard Piqué
94%
RW (sub) --->76' 7.1, 1 goal Sergi Roberto
92%
ST 7.7, 1 goal Édinson Cavani
91%
Manager Luis Enrique
90%
LM <--- 65' 6.2 Andrés Iniesta
88%
LCM 8.1 Sergio Busquets
77%
RW (sub) ---> 55' 5.6 Ángel Di Maria
76%
GK 3.8 Kevin Trapp
75%
RM <--- 84' 6.4 Ivan Rakitic
71%
LCB 6.6 Thiago Silva
70%
LB 6.4, 1 own goal, 1 assist Layvin Kurzawa
68%
CAM 6.8 Marco Verratti
67%
LCB 7.7 Samuel Umtit
66%
RCB 7.0 Marquinhos
65%
RCB 7.7 Javier Mascherano
63%
Manager Unai Emery
60%
LW <--- 75' 6.3 Julian Draxler
50%
LDM 5.1 Blaise Matuidi
46%
RW <--- 76' 7.4 Rafinha
40%
RM (sub) ---> 84' André Gomes
37%
LM (sub) ---> 65' 6.1 Arda Turan
37%
RB <--- 90' 6.1 Thomas Meunier
37%
RDM 6.6 Adrien Rabiot
31%
RW <--- 55' 5.9 Lucas Moura
24%
LW (sub) ---> 75' 5.7 Serge Aurier
22%
RB (sub) ---> 90' Grzegorz Krychowiak
14%
No matching quizzes found
Score Distribution
Percent of People with Each Score
Percentile by Number Answered
Your Score History
You have not taken this quiz